The Institution of Chieftancy in Ghana / (Record no. 6652)
[ view plain ]
| 000 -LEADER | |
|---|---|
| fixed length control field | 00442nam a22001697a 4500 |
| 003 - CONTROL NUMBER IDENTIFIER | |
| control field | OSt |
| 005 - DATE AND TIME OF LATEST TRANSACTION | |
| control field | 20250624214919.0 |
| 008 - FIXED-LENGTH DATA ELEMENTS--GENERAL INFORMATION | |
| fixed length control field | 250624b |||||||| |||| 00| 0 eng d |
| 040 ## - CATALOGING SOURCE | |
| Transcribing agency | DLC |
| 100 ## - MAIN ENTRY--PERSONAL NAME | |
| Personal name | Dankwa, Addo |
| 245 ## - TITLE STATEMENT | |
| Title | The Institution of Chieftancy in Ghana / |
| Remainder of title | The Future |
| 260 ## - PUBLICATION, DISTRIBUTION, ETC. | |
| Place of publication, distribution, etc. | Accra ; |
| Name of publisher, distributor, etc. | Gold Type Ltd ; |
| Date of publication, distribution, etc. | c2004 |
| 300 ## - PHYSICAL DESCRIPTION | |
| Extent | x, 128 pages |
| 490 ## - SERIES STATEMENT | |
| Materials specified | Chieftancy Law |
| 500 ## - GENERAL NOTE | |
| General note | Includes Bibliography |
| 942 ## - ADDED ENTRY ELEMENTS (KOHA) | |
| Source of classification or shelving scheme | Library of Congress Classification |
| Koha item type | Books |
| Suppress in OPAC | No |
| Withdrawn status | Lost status | Source of classification or shelving scheme | Damaged status | Not for loan | Collection | Home library | Current library | Shelving location | Date acquired | Total checkouts | Full call number | Barcode | Date last seen | Copy number | Price effective from | Koha item type |
|---|---|---|---|---|---|---|---|---|---|---|---|---|---|---|---|---|
| Library of Congress Classification | Non-fiction | Law Library (Christ Temple) | Law Library (Christ Temple) | Reference | 06/24/2025 | GN492.55 DAN | LLCT00000768 | 06/24/2025 | 1 | 06/24/2025 | Books | |||||
| Library of Congress Classification | Non-fiction | Law Library (Christ Temple) | Law Library (Christ Temple) | Reference | 06/24/2025 | GN492.55 DAN | LLCT00000769 | 06/24/2025 | 2 | 06/24/2025 | Books |